| 000 | 00801cam a2200205 4500 | ||
|---|---|---|---|
| 001 | WB3708-08 | ||
| 008 | 000000n2001 000 0 eng u | ||
| 035 | _a(Sirsi) u111020 | ||
| 245 | _aAsbestosis ruling could save insurers millions of pounds | ||
| 260 | _c2001 | ||
| 490 |
_aFinancial Times _v 16 February 2001, 7(1) |
||
| 520 | _aInsurers could be saved tens of millions of pounds after a ruling which decided that an asbestos victim was not entitled to compensation for his condition. This was because it could not be proved which of two companies he was working for when he contracted the fatal illness. | ||
| 590 | _aWB | ||
| 650 | _aASBESTOSIS | ||
| 650 | _aCOMPENSATION | ||
| 650 | _aINSURANCE COMPANIES | ||
| 650 | _aHIGH COURT | ||
| 690 |
_aHealth and safety _96244 |
||
| 942 | _n0 | ||
| 999 |
_c66159 _d66159 |
||